000 00467nam a2200169Ia 4500
005 20250423100248.0
008 250422s9999 xx 000 0 und d
020 _a0- 671- 70101- 0
050 _aHG 179 .G543/
100 _aCharles J. Givens
245 0 _aMore wealth without risk: how to develop a personal fortune without going out on a limb
260 _bSimon & Schuster
260 _c1991
300 _a599 p
650 _aFinance, personal
942 _cBK
999 _c32771
_d32771